[Event "Madrid-ch sf-A"]
[Site "Madrid"]
[Date "2012.04.25"]
[Round "9"]
[White "Andalon Gomez, Carlos Jesus"]
[Black "Santacruz Molina, Ildefonso"]
[Result "1-0"]
[WhiteElo "2035"]
[BlackElo "1933"]
[PlyCount "61"]
[EventDate "2012.04.10"]
[EventType "swiss"]
[EventRounds "9"]
[EventCountry "ESP"]
[SourceTitle "CBM 148 Extra"]
[Source "ChessBase"]
[SourceDate "2012.06.22"]
[SourceVersion "1"]
[SourceVersionDate "2012.06.22"]
[SourceQuality "1"]

1. d4 Nf6 2. c4 g6 3. Nc3 d5 4. cxd5 Nxd5 5. e4 Nb6 6. Nf3 Bg7 7. Be2 0-0 8. 0-0 a5 9. h3 a4 10. a3 c6 11. Bf4 Be6 12. Qc1 Re8 13. Be3 Bb3 14. Bd1 Nc4 15. Bxb3 axb3 16. Ne2 Nxe3 17. fxe3 e5 18. Qc4 Rf8 19. Qxb3 Qe7 20. dxe5 Na6 21. Rad1 Nc5 22. Qb4 Ra4 23. Qc3 Nxe4 24. Qc2 Qc5 25. Qxa4 Qxe3+ 26. Kh2 Bh6 27. Qd4 Qxe2 28. Rde1 Bf4+ 29. Kg1 Ng3 30. Rf2 c5 31. Qxf4 1-0

[Event "Madrid-ch sf-A"]
[Site "Madrid"]
[Date "2012.04.23"]
[Round "7"]
[White "Santacruz Molina, Ildefonso"]
[Black "Pastor Alonso de Prado, Emilio Alberto"]
[Result "0-1"]
[WhiteElo "1933"]
[BlackElo "2218"]
[PlyCount "36"]
[EventDate "2012.04.10"]
[EventType "swiss"]
[EventRounds "9"]
[EventCountry "ESP"]
[SourceTitle "CBM 148 Extra"]
[Source "ChessBase"]
[SourceDate "2012.06.22"]
[SourceVersion "1"]
[SourceVersionDate "2012.06.22"]
[SourceQuality "1"]

1. d4 d5 2. Nc3 e6 3. Nf3 Nf6 4. Bg5 Bb4 5. a3 Bxc3+ 6. bxc3 c5 7. e3 Qa5 8. Be2 Qxc3+ 9. Kf1 Ne4 10. h4 Nc6 11. dxc5 e5 12. h5 Qxc5 13. c4 Nc3 14. Qd2 Nxe2 15. Kxe2 dxc4 16. Rhd1 Bg4 17. Kf1 e4 18. Bf4 0-0 0-1